NFL General Managers - Statistics

General Stats
  • This quiz has been taken 133 times
    30 since last reset
  • The average score is 17 of 32
Answer Stats
Hint Answer % Correct
Cowboys Jerry Jones
88%
Eagles Howie Roseman
77%
Browns Andrew Berry
73%
49ers John Lynch
73%
Bears Ryan Poles
73%
Colts Chris Ballard
69%
Vikings Kwesi Adofo-Mensah
69%
Chiefs Brett Veach
62%
Giants Joe Schoen
62%
Seahawks John Schneider
62%
Lions Brad Holmes
58%
Steelers Omar Khan
58%
Ravens Eric DeCosta
54%
Rams Les Snead
54%
Saints Mickey Loomis
54%
Falcons Terry Fontenot
54%
Bills Brandon Beane
50%
Dolphins Chris Grier
50%
Jaguars James Gladstone
50%
Commanders Adam Peters
46%
Bengals(Director of Player Personnel) Duke Tobin
46%
Buccanners Jason Licht
46%
Panthers Dan Morgan
42%
Patriots(de facto) Eliot Wolf
42%
Texans Nick Caserio
42%
Packers Brian Gutekunst
38%
Cardinals Monti Ossenfort
38%
Jets Darren Mougey
31%
Broncos George Paton
27%
Titans Mike Borgonzi
27%
Raiders Tom Telesco
27%
Chargers Joe Hortiz
23%
No matching quizzes found
Score Distribution
Percent of People with Each Score
Percentile by Number Answered
Your Score History
You have not taken this quiz since the last reset